LEADER 00823cam--2200301---450 001 990001459040203316 005 20200415090930.0 035 $a000145904 035 $aUSA01000145904 035 $a(ALEPH)000145904USA01 035 $a000145904 100 $a20040227d1885----km-y0itay0103----ba 101 0 $afre 102 $aFR 105 $a||||||||001yy 200 1 $a<> comédiens en France$eau moyen age$fL. Petit De Julleville 210 $aParis$cCerf$d1885 215 $a363 p.$d19 cm 606 0 $aLetteratura drammatica francese 676 $a842.3 700 1$aDE JULLEVILLE,$bL. Petit$0559206 801 0$aIT$bsalbc$gISBD 912 $a990001459040203316 951 $aXVII A. 94$b3240 DLAS$cXVII A.$d368361 959 $aBK 969 $aCAS 996 $aComédiens en France$9937004 997 $aUNISA